000 00295nam a22001337a 4500
008 170731b xxu||||| |||| 00| 0 eng d
020 _a9780201624335
041 _aeng
080 _22ND
_a004
100 _a32
101 _aSHK
245 _aDISTRIBUTED SYSTEMS
_cCOULOURIS,G
942 _2udc
_cBK
999 _c22223
_d22223